Moneda e inflación: perspectivas jurídicas de un proceso histórico recurrente (Registro nro. 31021)

Detalles MARC
000 -LEADER
fixed length control field 00376 a2200109 4500
001 - CONTROL NUMBER
control field ART_58828
005 - DATE AND TIME OF LATEST TRANSACTION
control field 20260410161958.0
008 - FIXED-LENGTH DATA ELEMENTS--GENERAL INFORMATION
fixed length control field 260409a
100 1# - MAIN ENTRY--PERSONAL NAME
Personal name Arduino, Augusto H.L.
245 10 - TITLE STATEMENT
Title Moneda e inflación: perspectivas jurídicas de un proceso histórico recurrente
773 0# - HOST ITEM ENTRY
Title Temas de derecho comercial
Related parts - Año 9, N° 7 (jul. 2023)
Record control number REV28151

No hay ítems disponibles.